000 00894nam a22002537a 4500
001 BR8002654
003 BR-BrBNA
005 20241219191613.0
007 ta
008 230509b bl.||||| |||| 00| 0 por d
040 _aBR-BrBNA
_bpor
_cBiblioteca Nacional de Agricultura
041 _a(Por)
072 _aC00; E70
_b/G514
090 _a C00 BR8002654
_b2024-8467
110 1 _aBolsa de Cereais de Sao Paulo, SP (Brasil)
_91271
245 1 _aCurso de formacao de classificador de produtos de origem vegetal. Disciplinas: Classificacao; Conhecimentos gerais; Economia aplicada; Inspecao e fiscalizacao da exportacao e do mercado interno; Legislacao fiscal; Padronizacao; Tecnologia [Brasil]
260 3 _aSao Paulo, SP (Brasil):
_c1980.
300 _a297 p.
650 _aEducacao
650 _aComercializacao
650 _aControle de qualidade
650 _aCurso
942 _cBK
_2AGRIS
999 _c29559
_d29559